The C Programming Language (Record no. 6155)

000 -LEADER
fixed length control field 00418 a2200157 4500
040 ## - CATALOGING SOURCE
Original cataloging agency DLC
Language of cataloging DLC
082 ## - DEWEY DECIMAL CLASSIFICATION NUMBER
Classification number 005.133
100 ## - MAIN ENTRY--PERSONAL NAME
Personal name Kernighan,Brian W.
245 ## - TITLE STATEMENT
Title The C Programming Language
Statement of responsibility, etc. Dennis M.Ritchie
250 ## - EDITION STATEMENT
Edition statement 2nd ed
260 ## - PUBLICATION, DISTRIBUTION, ETC.
Name of publisher, distributor, etc. Prentice Hall Software Series
300 ## - PHYSICAL DESCRIPTION
Extent 238p.:
Other physical details ill. ;
Dimensions 24cm.
500 ## - GENERAL NOTE
General note Includes Index
650 ## - SUBJECT ADDED ENTRY--TOPICAL TERM
Topical term or geographic name entry element C(Computer Program language
942 ## - ADDED ENTRY ELEMENTS (KOHA)
Koha item type Book
Call number prefix 005.133 KER
Source of classification or shelving scheme
Holdings
Withdrawn status Lost status Damaged status Not for loan Collection code Permanent Location Current Location Shelving location Date acquired Source of acquisition Cost, normal purchase price Total Checkouts Full call number Barcode Checked out Date last seen Date last checked out Price effective from Koha item type Total Renewals
          Central Library (CL) Central Library (CL) First Floor - Software Engineering/ Programming Language 03/06/2008 Facny Book Binders 150.00 3 005.133 KER SEECS008912 06/04/2026 05/05/2026 05/05/2026 01/05/2017 Book  
          Central Library (CL) Central Library (CL) First Floor - Software Engineering/ Programming Language 03/06/2008 Facny Book Binders 150.00 9 005.133 KER SEECS008913 12/11/2025 11/11/2025 11/11/2025 01/05/2017 Book 2
© 2023 Central Library, National University of Sciences and Technology. All Rights Reserved.